000 01195nam2a2200253 4500
001 RU\NLR\BIBL_A\011551542
005 20250626092108.0
035 _a(NLR Aleph) 011551542
090 _a12245016
_c12245016
100 _a20171208j19171218|||y0rusy50 ca
101 0 _ayid
102 _aRU
135 _acrgn 008anaba
200 0 _a1917, № 274 (3229) (18 дек.)
210 _d1917
_aБ. м.
325 1 _aКопия доступна в электронной библиотеке РНБ
461 0 _1001RU\NLR\BIBL_A\011476790
_12001#$aאונזער לעבען$v1917, № 274 (3229) (18 дек.)
_911878264
_cОдесса
_d1907 - 1917
_fРед.-изд. Ш. Гохберг
_lУнзер Лебен
_tאונזער לעבען
_v1917, № 274 (3229) (18 дек.)
510 1 _aУнзер Лебен
_zyid
901 _eГазеты: ОЛСАА
942 _cISSNP
980 _aNB
981 2 3 _a(23) Национальные литературы
_b(23) Периодические издания на национальных языках